00973nam a2200325 a 4500003000900000005001700009008004100026020001800067040001300085245004200098250001200140260003100152300001100183490003600194650002000230650002400250653003300274653002400307653002500331700003600356700004400392700002900436700002100465700003000486700002600516700001800542700003300560700001800593800003600611AR-BaBNM20251128205858.0082120s2002 ||||||||||||||000 | spa|| a84-281-0904-4 cAR-BaBNM00aDidáctica de la lengua y literatura a1ª ed. aBarcelonabOikos-tauc1997 a554 p. 0aPráctica en educaciónvv. 2 4aLIBROS DE TEXTO 4aTECNICAS DIDACTICAS aENSEÑANZA DE LA LITERATURA aCOMPRENSION LECTORA aEDUCACION SECUNDARIA1 aSerrano, Joaquínecoordinador1 aMartínez, José Enriqueecoordinador1 aAbascal, María Dolores1 aCantón, Isabel1 aCasanova, María Antonia1 aGutiérrez, Salvador1 aLomas, Carlos1 aReyzábal, María Victoria1 aZayas, Felipe1 aCantón Mayo, Isabeledirector